| 000 | 00756cam a2200229 i 4500 | ||
|---|---|---|---|
| 001 | 17959597 | ||
| 005 | 20170731104744.0 | ||
| 008 | 131202s2014 nyua b 001 0 eng | ||
| 020 | _a9780415539289 (hardcover : alk. paper) | ||
| 020 | _a9780415539302 (pbk. : alk. paper) | ||
| 040 | _cPK-LaUMT | ||
| 082 | 0 | 0 |
_a711.4 _223 _bFRI-P |
| 100 | 1 | _aFriedman, Avi | |
| 245 | 1 | 0 |
_aPlanning small and mid-sized towns : _bdesigning and retrofitting for sustainability / _cAvi Friedman |
| 260 |
_aNew York : _bRoutledge, _c2014 |
||
| 300 |
_aix, 225 p.: _billustrations ; _c26 cm |
||
| 650 | 0 | _aSustainable urban development. | |
| 650 | 0 |
_aSmall cities _xPlanning. |
|
| 650 | 0 |
_aCity planning _xEnvironmental aspects. |
|
| 650 | 0 | _aSustainability. | |
| 942 | _cBK | ||
| 999 |
_c95954 _d95954 |
||